00321nam a2200133Ia 4500008004100000020001500041041001200056082001100068100001800079245004000097260003400137300000800171650000800179221030s9999 xx 000 0 und d a8174092153 aEnglish a105.23 aP. S. Bimbhra 0aPower Electronicscby P. S. Bimbhra bKhanna Pub.aNew Delhic2011 a775 aECE